[Event "17th Asian Continental-ch Open 2018"]
[Site "Makati City"]
[Date "2018.12.11"]
[Round "2.22"]
[White "Laylo, Darwin"]
[Black "Turqueza, Mari Joseph"]
[Result "1/2-1/2"]
[WhiteElo "2438"]
[BlackElo "2305"]
[Annotator "TA"]
[PlyCount "58"]
[EventDate "2018.12.07"]
[EventType "swiss"]
[EventRounds "9"]
[EventCountry "PHI"]

{[%evp 31,58,0,16,29,19,0,24,9,7,11,9,0,0,0,4,0,10,0,0,0,0,0,0,0,0,0,0,0,0]} 1. d4 Nf6 2. c4 e6 3. Nf3 b6 4. a3 Bb7 5. Nc3 d5 6. cxd5 Nxd5 7. e3 Be7 8. Bb5+ c6 {[%cal Bc7c6,Bc6c5][%mdl 32]} 9. Bd3 c5 10. O-O O-O 11. Qc2 h6 12. e4 {E12: Queen's Indian: Unusual White 4th moves, 4 a3, 4 Nc3 Bb7 5 a3 and 4 Nc3 Bb7} Nxc3 13. bxc3 cxd4 14. cxd4 Qc8 15. Qe2 Ba6 16. Rd1 Bxd3 {LiveBook: 5 Games} 17. Rxd3 Nd7 18. Bf4 Qb7 {[#]} 19. Ne5 $146 ({Predecessor:} 19. Re1 Rad8 {½-½ (34) Dokhoian,Y (2575)-Godena,M (2425) Aosta 1989}) 19... Nxe5 {The position is equal.} 20. Bxe5 f6 21. Bg3 Rad8 22. Rad1 Rfe8 23. h4 {[%cal Bh2h4,Bh4h5][%mdl 32]} Bf8 24. h5 Qf7 25. Bh4 Rd7 26. Rg3 Red8 27. Rgd3 Re8 28. Rg3 Red8 29. Rgd3 Re8 1/2-1/2

[Event "17th Asian Continental-ch Open 2018"]
[Site "Makati City"]
[Date "2018.12.11"]
[Round "2.23"]
[White "Montoya, Edsel"]
[Black "Chen, Qi b"]
[Result "0-1"]
[WhiteElo "2312"]
[BlackElo "2437"]
[Annotator "TA"]
[PlyCount "106"]
[EventDate "2018.12.07"]
[EventType "swiss"]
[EventRounds "9"]
[EventCountry "PHI"]

{[%evp 20,106,20,-8,53,52,63,51,53,60,57,52,57,57,55,0,62,70,89,81,91,88,68,72,74,64,99,98,109,82,87,68,109,41,56,52,87,85,85,-40,-43,-43,-42,-53,-31,-51,-57,-38,-54,-64,-89,-142,-131,-153,-153,-174,-174,-181,-138,-141,-120,-92,-90,-88,-85,-83,-68,-185,-154,-262,-137,-216,-92,-93,-8,-8,-8,-8,-11,-29988,-29989,-29989,-29990,-29990,-29982,-29996,-29997,-29997,-29998]} 1. d4 Nf6 2. Nf3 g6 3. g3 Bg7 4. Bg2 O-O 5. O-O d6 6. c4 Nbd7 7. Nc3 e5 8. e4 exd4 9. Nxd4 Re8 10. Re1 Nc5 11. f3 {LiveBook: 17 Games} Bd7 {E68: King's Indian: Fianchetto: 6...Nbd7 7 0-0 e5 8 e4} ({Better is} 11... Nfd7 $11) (11... c6 12. b4 Ne6 13. Be3 a5 14. b5 Qc7 15. Rc1 Nc5 16. Qd2 Nfd7 17. f4 Nb6 18. Qe2 Bd7 19. Qf1 {1-0 (35) Matlakov,M (2694)-Grigoriants,S (2563) Tallinn 2016}) 12. Be3 $14 a6 13. Qd2 Rb8 {White is slightly better.} 14. Bf1 Qc8 $146 ({Predecessor:} 14... Ne6 15. a4 a5 16. Rad1 Nh5 17. Nde2 Bc6 18. Bh3 Nc5 19. Qc2 {1-0 (44) Bergraser,V-Atabek,F France 1981}) 15. b4 Na4 16. Nxa4 Bxa4 17. Rac1 (17. Ne2 $14) 17... Bd7 (17... Nd7 $1 $11) 18. Ne2 Be6 19. Nf4 Nd7 20. Nxe6 fxe6 21. Be2 b6 22. Red1 Kh8 23. Kg2 Rf8 24. h4 Qe8 25. Rh1 Ra8 26. g4 (26. c5 $16) 26... a5 27. b5 Nf6 {[%cal Bd7f6,Bf6g8,Bg8e7,Be7f5][%mdl 32]} 28. h5 gxh5 29. e5 (29. Rh4 $16) 29... dxe5 $15 30. g5 Qg6 {And now ...Rad8 would win.} 31. Kh2 Ng8 32. Bd3 Qf7 33. Be4 Rad8 34. Qc2 Ne7 35. Rcd1 (35. c5 $142) 35... Nf5 $17 36. Rxd8 Rxd8 ({Don't do} 36... Nxe3 37. Qd2 $17) 37. Bc1 Rd4 38. Kg2 h4 39. c5 bxc5 40. Qxc5 Kg8 41. b6 cxb6 42. Qxb6 a4 43. Re1 ({White should play} 43. Qb8+ $15 Qf8 44. Qc7) 43... Bf8 44. Qb5 (44. Qb7 $17) 44... Bd6 (44... Nd6 $19 45. Qxe5 {[#]} Nxe4 $1 {[%mdl 512]} 46. Rxe4 h3+ $1 {[%mdl 512]} 47. Kf2 h2 $1 {[%mdl 512]}) 45. Kh3 (45. Rh1 $17) 45... a3 (45... Ng3 $19 46. Qb7 Nxe4 47. Qxf7+ Kxf7 48. fxe4 Rc4 49. Kxh4 a3) 46. Qb3 Kg7 (46... Ng3 $17 47. Bxa3 Nxe4 48. Rxe4 Qf5+ {[%mdl 64] Double Attack} 49. Kxh4 Rxe4+ 50. fxe4 Qxe4+ 51. Kh5 Qh1+ 52. Kg4 Qg2+ 53. Kh5 Qh2+ 54. Kg4 Qf4+ 55. Kh5 Qf7+ 56. Kh4 Bc7) 47. Bxa3 $11 Bxa3 48. Qxa3 {Black must now prevent Qa5.} Nd6 {aiming for ...Qf4.} 49. Bc2 $2 {[%mdl 8192]} (49. Qe3 $11) 49... Qf4 {[%csl Gh4][%cal Rf4g3] Black mates.} 50. Rg1 Rd2 {[%csl Gf4][%cal Rd2h2]} 51. Rg2 {[#]} Rxc2 $1 {[%mdl 512]} 52. Qxd6 (52. Rxc2 Qg3#) 52... Qxf3+ {[%mdl 64] Double Attack} 53. Kxh4 Rc4+ {Accuracy: White = 46%, Black = 40%.} 0-1

[Event "17th Asian Continental-ch Open 2018"]
[Site "Makati City"]
[Date "2018.12.11"]
[Round "2.24"]
[White "Dimakiling, Oliver"]
[Black "Young, Angelo"]
[Result "1-0"]
[WhiteElo "2434"]
[BlackElo "2282"]
[Annotator "TA"]
[PlyCount "107"]
[EventDate "2018.12.07"]
[EventType "swiss"]
[EventRounds "9"]
[EventCountry "PHI"]

{[%evp 13,107,24,50,31,71,38,43,54,44,14,13,20,6,24,41,43,44,38,26,23,57,41,41,37,47,39,31,0,20,18,33,2,16,-4,0,-12,4,-8,36,14,21,38,154,163,246,231,270,280,310,345,410,397,451,391,499,499,486,426,639,632,627,625,504,380,358,376,363,362,349,351,697,704,615,702,701,690,693,682,636,637,989,989,4598,1191,29969,29976,29976,29977,29977,29978,29978,29979,29979,29980,29980,29981]} 1. c4 g6 2. Nc3 Bg7 3. Nf3 d6 4. g3 Nf6 5. Bg2 O-O 6. O-O e5 7. d4 Nfd7 {LiveBook: 9 Games. A24: English Opening vs King's Indian: Lines without ...Nc6} (7... Nbd7 8. h3 Re8 9. e4 exd4 10. Nxd4 a6 11. Re1 Rb8 12. a4 Ne5 13. b3 Nfd7 14. Be3 Nc5 15. Bf1 Nc6 16. Rb1 Nxe4 17. Nxe4 Rxe4 18. Nxc6 bxc6 19. Bg2 Re5 20. Bxc6 Bxh3 {½-½ (96) So,W (2760)-McShane,L (2674) Las Vegas 2015}) 8. Be3 Nc6 {[%cal Bb8c6,Bc6e7,Be7f5][%mdl 32]} 9. b3 Ne7 {White is slightly better.} 10. dxe5 dxe5 11. Qc1 $146 ({Predecessor:} 11. Rc1 Nf5 12. Bg5 f6 13. Bd2 Nc5 14. b4 Ne6 15. e3 c6 16. Ne4 {½-½ (26) Sibilio,M (2381)-Indelicati,G (2202) Castellaneta 2000}) 11... Nf5 12. Bg5 f6 13. Bd2 c6 14. Ne4 Re8 15. c5 Nf8 16. Rd1 h5 17. Bh6 Qe7 18. Bxg7 Kxg7 19. Qc3 Be6 20. e3 Bd5 21. Nfd2 Red8 22. Bh3 Nh6 23. Re1 Nf7 24. f4 b6 25. a4 Rab8 26. b4 {[%cal Bb3b4,Bb4a5,Ba5a6][%mdl 32]} bxc5 27. Nxc5 a5 (27... Ne6 $14) 28. bxa5 $16 Qa7 (28... Ne6 $142 29. Bxe6 Bxe6) 29. a6 $18 h4 30. Rab1 hxg3 31. hxg3 exf4 32. gxf4 Nd6 33. Qd4 {[#] Hoping for Ne6+!} Qe7 34. Rxb8 Rxb8 35. e4 Bf7 (35... Rd8 $142 36. a7 Kg8) 36. e5 Ne8 37. Nde4 fxe5 38. Qxe5+ Qxe5 39. fxe5 Nc7 40. Ng5 Bc4 41. e6 Kf6 $2 {[#]} (41... Nxa6 42. Nxa6 Bxa6) 42. Nd7+ Nxd7 43. Ne4+ ({Weaker is} 43. exd7 Kxg5 44. a7 Rd8 $14) 43... Ke7 44. exd7 Bxa6 45. Nc5+ Kf7 46. Bg2 g5 47. Bxc6 Rd8 48. Re8 (48. Nxa6 $142 Nxa6 49. Re8 Rxd7 50. Bxd7) 48... Nxe8 49. dxe8=Q+ {White mates.} Rxe8 50. Bxe8+ Kxe8 51. Nxa6 {KN-KP} Kd7 52. Nb4 Kd6 53. a5 {[%cal Ba4a5,Ba5a6][%mdl 32]} Kc5 54. a6 {Accuracy: White = 63%, Black = 38%.} 1-0

[Event "17th Asian Continental-ch Open 2018"]
[Site "Makati City"]
[Date "2018.12.11"]
[Round "2.25"]
[White "Jacutina, John Merill"]
[Black "Antonio, Rogelio Jr"]
[Result "1/2-1/2"]
[WhiteElo "2296"]
[BlackElo "2431"]
[Annotator "TA"]
[PlyCount "201"]
[EventDate "2018.12.07"]
[EventType "swiss"]
[EventRounds "9"]
[EventCountry "PHI"]

{[%evp 19,201,21,17,0,0,-1,8,10,12,6,11,-22,-22,-45,-56,-90,-94,-91,-98,-118,-104,-110,-102,-111,-88,-104,-109,-113,-105,-113,-109,-95,-100,-97,-78,-82,-67,-93,-76,-100,-25,-33,-27,-33,-17,-28,-31,-31,-9,-18,0,0,0,0,13,-250,-224,-279,-264,-260,-262,-221,-90,-90,-97,-83,-32,-98,-20,-20,-20,-91,-96,-96,-82,-82,-59,-99,-97,-113,-99,-112,-96,-180,-175,-177,-136,-332,-321,-597,-582,-609,-606,-592,-585,-561,-401,-355,-353,-329,-343,-342,-343,-329,-314,-320,-316,-358,-352,-403,-391,-375,-238,-359,-380,-293,-218,-202,-40,-40,-40,-40,-40,-40,0,-40,-40,-47,-40,-40,-40,-40,-40,-40,-40,-40,-40,-73,-47,-97,-79,-192,-192,-1702,-85,-84,-84,-85,-62,-76,-41,-150,-143,-170,-125,-200,-194,-179,-79,-158,-120,-120,-104,-120,-104,-200,-200,-200,-200,-200,-200,-200,-178,-174,-104,-104,-104,-200,-200,-200,-200,-200,-200,-200]} 1. e4 c6 2. d4 d5 3. exd5 cxd5 4. c4 Nf6 5. Nc3 e6 6. Nf3 Bb4 7. cxd5 exd5 8. Ne5 O-O 9. Bd3 Nc6 10. O-O {B14: Caro-Kann: Panov-Botvinnik Attack with 5...e6 and 5...g6} h6 {LiveBook: 11 Games} 11. Be3 Re8 12. f4 {The position is equal.} Ng4 $146 ({Predecessor:} 12... Ne7 13. g4 Bxc3 14. bxc3 Ne4 15. f5 Nc6 16. Bxe4 Nxe5 17. dxe5 Rxe5 {½-½ (66) Dvirnyy,D (2481)-Ernst,S (2587) Hoogeveen 2010}) 13. Nxg4 Bxg4 14. Qd2 Ba5 15. Bf2 (15. f5 {keeps more tension.} Qh4 16. f6 Bc7 17. h3 Rad8 18. Bf5) 15... Qd7 16. a3 Bxc3 17. bxc3 Bf5 18. Be2 Na5 19. Rae1 Be4 20. Qb2 Re6 21. Qb4 Nc6 22. Qb2 Rg6 23. Bg3 Ne7 24. Bh5 Rb6 25. Qa2 {Rxe4! is the strong threat.} Nf5 26. c4 Bd3 ({Stronger than} 26... Nxd4 27. Bf2 $16) 27. c5 Rf6 28. Rf3 Be4 29. Rf2 Qa4 (29... Qc7 $17 30. Bf3 Nxd4 31. Bxe4 dxe4) 30. Rd2 $1 $11 Re8 ({Don't blunder} 30... Nxd4 $2 31. Bd1 $18) 31. Bf2 Ne7 32. Qb2 Qd7 33. Bg3 Re6 34. Be2 a6 35. Bd1 Nf5 36. Qb4 {next Ba4 is good for White.} R8e7 37. Rde2 $2 {[%mdl 8192]} (37. Bg4 $11 {and White stays safe.}) 37... h5 $1 $19 {[%cal Bh6h5,Bh5h4,Bh4h3][%mdl 32]} 38. Ba4 Qc7 39. Qd2 h4 40. Bf2 Qc8 (40... Rg6 $19 {is more deadly.} 41. Be3 Nxe3 42. Rxe3 Bxg2 $1 {[%mdl 512]}) 41. Bc2 $17 h3 $1 42. g3 Qe8 (42... Qd7 $17) 43. Bb3 (43. Bd1 $15) 43... Nh6 (43... Rg6 $17) 44. a4 $11 Ng4 45. f5 (45. Bd1 $11) 45... Bxf5 $17 {[%cal Re6e2]} 46. Rxe6 Bxe6 47. Qf4 Qd7 48. Bc2 Re8 49. Re2 Qc8 50. Qd6 Bd7 51. Bd3 (51. Re7 $17 Rxe7 52. Qxe7) 51... Rxe2 $19 (51... Bxa4 52. Rxe8+ Bxe8 53. Qxd5 $15) 52. Bxe2 Nf6 53. a5 $2 (53. Bd1 $17 {was called for.}) 53... Bb5 54. Bd1 $2 (54. Qe5 Bxe2 55. Qxe2) 54... Qf5 55. Qb8+ Kh7 {( -> ...Qb1)} 56. Qe5 Qd3 {[%csl Gb5][%cal Rd3f1]} 57. Qe1 g6 58. Be3 Qe4 {[%csl Gh3][%cal Re4g2]} 59. Qf2 Qb1 60. Qc2 Qa1 61. Qc1 Qxa5 {[%cal Ra5e1]} 62. Bd2 Qd8 63. Bg5 Qe8 {[%cal Re8e1]} 64. Qe3 Ne4 65. Bf4 {[#]} g5 $1 66. Be5 (66. Bc7 $142) (66. Bxg5 Nxg5) 66... f6 67. Bc7 Qc8 68. Ba5 Qe6 $2 (68... Kg7 $19 {White must now prevent ...Qe6.} 69. Qf3 Qc6) 69. g4 $15 Kg7 70. Qxh3 Bc4 71. Qa3 Bb5 72. Qf3 Bd7 73. Qb3 Bc6 74. Qf3 Qe7 75. Qe3 Bd7 76. Bf3 Qe6 77. Qb3 Bb5 78. Qe3 Bc4 79. Qe1 f5 {[%cal Bf6f5,Bf5g4][%mdl 32]} 80. Bc7 (80. Bd8 $17) 80... fxg4 $19 81. Be5+ $2 {[#]} (81. Bxe4 dxe4 82. Be5+ Kh6 83. Qf2) 81... Kg8 $2 (81... Qxe5 $1 $19 {[%mdl 512]} 82. dxe5 gxf3) 82. Bxe4 $17 dxe4 83. Qxe4 Bd5 84. Qe1 Qf5 {And now ...Qc2 would win.} 85. Bd6 (85. Qa5 $1 $15 Kh7 86. Qc7+ Qf7 87. Qxf7+ Bxf7 88. Bc7) 85... Be4 86. Qe3 {[#]} Kf7 $1 87. Qb3+ (87. Bc7 $17) 87... Bd5 $19 88. Qe3 Qf6 (88... a5 $19 {Strongly threatening ...a4.} 89. Qe7+ Kg6 90. Qe8+ Bf7) 89. Qe2 ({White should play} 89. Qd3) 89... Qxd4+ 90. Qf2+ Qxf2+ 91. Kxf2 $17 {[%mdl 4096] Endgame KB-KB} a5 {[%cal Ba6a5,Ba5a4,Ba4a3,Ba3a2][%mdl 32]} 92. Be5 {[#]} (92. Ke3 $17) 92... Ke6 $1 $19 {[%cal Re6e5]} 93. Bc3 a4 94. Ke3 a3 95. Kd4 Bb3 96. Ba1 Kd7 (96... a2 $19 97. Kc3 Bd5) 97. Kc3 $17 Be6 98. Kb4 (98. Kc2 $17) 98... a2 $19 {Black is clearly better.} 99. Ka3 Kc6 100. Bf6 Kxc5 101. Kb2 {Accuracy: White = 39%, Black = 59%.} 1/2-1/2

[Event "17th Asian Continental-ch Open 2018"]
[Site "Makati City"]
[Date "2018.12.11"]
[Round "2.26"]
[White "Cuhendi, Sean Winshand"]
[Black "Gong, Daniel Hanwen"]
[Result "1-0"]
[WhiteElo "2429"]
[BlackElo "2270"]
[Annotator "TA"]
[PlyCount "87"]
[EventDate "2018.12.07"]
[EventType "swiss"]
[EventRounds "9"]
[EventCountry "PHI"]

{[%evp 11,87,2,3,-12,-12,-16,-6,-18,-30,-31,-38,-26,0,-7,0,-17,-7,-4,0,0,0,0,52,50,50,50,50,53,52,56,52,51,115,106,117,109,114,101,102,97,101,93,95,87,68,79,141,129,145,131,158,162,192,189,191,195,181,183,173,148,146,106,128,113,398,424,483,427,730,732,729,719,820,699,2216,2104,2368,2273]} 1. d4 Nf6 2. Bf4 g6 3. Nc3 d5 (3... c5 4. dxc5 Qa5 5. a3 Qxc5 6. e4 Bg7 7. Nf3 d6 8. h3 O-O 9. Qd2 b6 10. O-O-O Bb7 11. Be3 {1-0 (48) Nabaty,T (2692)-Almasi,Z (2702) Batumi 2018}) 4. e3 Bg7 5. h4 c6 6. Nf3 {A45: Trompowsky Attack} Qb6 {LiveBook: 3 Games} 7. Rb1 Bg4 8. Be2 {The position is equal.} Nbd7 9. b4 O-O 10. Ne5 $146 ({Predecessor:} 10. O-O Qd8 11. a4 Bxf3 12. Bxf3 {½-½ (34) Mousavi,S (2458)-Matinian,N (2506) Khomein 2018}) 10... Bxe2 11. Qxe2 h6 12. h5 Nxe5 13. dxe5 {[#] Strongly threatening hxg6.} Nxh5 14. Bh2 $1 {Threatening g4.} d4 15. Na4 Qb5 16. Nc5 Qxe2+ (16... b6 $5 {[%cal Rb6c5]} 17. Nd3 Bh8 $11) 17. Kxe2 {Black must now prevent g4.} b6 18. Nd3 {g4 is the strong threat.} Bh8 19. exd4 Ng7 20. c3 Ne6 21. f3 a5 (21... h5 $14) 22. b5 $16 cxb5 23. Rxb5 Rfc8 24. Kd2 Nc7 25. Rxb6 Nd5 26. Rb3 a4 27. Ra3 Nb6 28. Nb2 e6 (28... f6 $142) 29. Kd3 Bg7 {[#]} 30. c4 $1 {[%cal Bc3c4,Bc4c5][%mdl 32]} Bf8 31. c5 Rd8 32. Rc1 ({Worse is} 32. cxb6 Bxa3 33. Nc4 Bc5 $17) 32... Rd7 33. Ke4 h5 34. Nc4 Nd5 35. Nd6 Rb8 36. Rc2 Rb1 {aiming for ...Re1+.} 37. Rxa4 {Threatens to win with c6.} Rc7 $2 {[%mdl 8192]} (37... h4 $16 {was necessary.}) 38. Ne8 $18 Re1+ {White is clearly winning.} 39. Kd3 Rd7 (39... Rc8 $142) 40. Nf6+ Nxf6 41. exf6 Rd1+ 42. Ke2 R1xd4 43. Rxd4 Rxd4 44. c6 {Accuracy: White = 80%, Black = 41%.} 1-0

[Event "17th Asian Continental-ch Open 2018"]
[Site "Makati City"]
[Date "2018.12.11"]
[Round "2.27"]
[White "Pangilinan, Stephen Rome"]
[Black "Garcia, Jan Emmanuel"]
[Result "0-1"]
[WhiteElo "2276"]
[BlackElo "2429"]
[Annotator "TA"]
[PlyCount "126"]
[EventDate "2018.12.07"]
[EventType "swiss"]
[EventRounds "9"]
[EventCountry "PHI"]

{[%evp 14,126,-28,-139,0,0,0,0,3,-16,-19,-19,-15,-12,-13,-4,-8,-52,-61,-69,-68,-114,-116,-107,-92,-100,-58,-182,-186,-175,-77,-85,-90,-86,-11,-10,-10,-10,-10,-10,-10,-14,-14,-16,-1,-6,-1,-7,0,-1,-2,-2,-2,-8,-8,-8,-6,-8,0,-3,-3,-77,-18,-18,-18,-18,-18,-25,0,-4,0,0,0,0,0,0,-8,-8,0,0,0,0,0,-654,-599,-1406,0,0,0,-1390,-1308,-1106,-1132,-1124,-881,-669,-658,-29978,-29979,-29979,-29980,-29980,-29981,-29983,-29984,-29984,-29980,-29980,-29981,-29981,-29982,-29982,-29983,-29983,-29984]} 1. b3 Nf6 2. Bb2 g6 3. e3 Bg7 4. Nf3 O-O 5. c4 c5 6. d4 cxd4 {A30: Symmetrical English: Double Fianchetto and Hedgehog} 7. Nxd4 d5 8. Nd2 {LiveBook: 3 Games} (8. cxd5 $11 Qxd5 9. Nc3) 8... Nc6 (8... e5 $1 $17 {[%cal Re5d4]} 9. N4f3 d4 $1 {[%mdl 512]}) (8... e5 9. N4f3 d4 10. exd4 exd4 11. Bxd4 Nc6 12. Bc3 Re8+ 13. Be2 Qe7 14. Kf1 {0-1 (40) Bortnyk,O (2581)-Ponkratov,P (2607) Tallinn 2016}) 9. Be2 $11 Nxd4 10. Bxd4 Qd6 $146 ({Predecessor:} 10... Re8 11. f4 dxc4 12. bxc4 Be6 13. Rb1 {0-1 (62) Ali,G (2012)-Amato,G (1972) England 2015}) 11. cxd5 Nxd5 12. Bxg7 Kxg7 13. O-O Nc3 14. Qe1 Bf5 15. Nc4 Qf6 $36 {[%mdl 2048] White is under pressure.} 16. f4 Rac8 17. Ne5 Nxe2+ 18. Qxe2 Rc2 19. Qf3 Rd8 {aiming for ...Rdd2.} 20. Rad1 ({Better is} 20. Rfc1 $15) 20... Rxd1 $19 21. Rxd1 Qa6 (21... Rxa2 $19 {is more deadly.} 22. Qd5 b6) 22. e4 Bc8 23. f5 Qe2 (23... Qb5 $17 24. Nc4 Rxa2) 24. Qxe2 Rxe2 25. Rc1 Rxe4 26. Rxc8 {Black must now prevent Nf3.} Rxe5 27. fxg6 $1 hxg6 $11 {[%mdl 4096] Endgame KR-KR} 28. Rc7 b5 29. Rxa7 f5 30. Ra5 Re2 31. Kf1 Rb2 32. Rxb5 Rxa2 33. Re5 Kf6 34. Re2 Ra1+ 35. Re1 $1 {[%cal Re1a1]} Ra2 {Threatening ...Rb2.} (35... Ra5 {is interesting.} 36. b4 Rb5 37. Rb1 e5 38. Kf2 f4) 36. Re2 Ra5 37. h4 {[#]} (37. b4 $11 Rb5 38. Rb2) 37... Rb5 ({Black should try} 37... Ra1+ $1 $17 38. Kf2 Rb1) 38. Rb2 e5 39. Kf2 Rb4 40. g3 e4 41. Ke3 g5 42. hxg5+ $1 Kxg5 43. Ke2 Kh5 44. Ke3 Kg4 45. Kf2 $1 Kh3 46. Rb1 Rd4 47. b4 Rd2+ 48. Ke3 $2 {[%mdl 8192]} (48. Ke1 $11 e3 49. Rb3) 48... Rd3+ $19 49. Kf2 Rd2+ 50. Ke3 Rd3+ 51. Kf2 $1 Rf3+ 52. Ke2 Rxg3 53. b5 f4 {[%cal Bf5f4,Bf4f3][%mdl 32]} 54. b6 Rg2+ 55. Kf1 {And now b7 would win.} e3 {Black mates.} 56. Rb3 Rf2+ 57. Ke1 {[#]} Kg2 $1 58. b7 f3 {[%csl Gg2][%cal Rf2f1]} 59. Kd1 Rd2+ ({Inferior is} 59... Rf1+ 60. Kc2 $11) 60. Kc1 f2 {[%cal Rf2f1]} 61. Rxe3 Rd8 62. Re2 Kf3 63. Rxf2+ Kxf2 {Accuracy: White = 59%, Black = 56%.} 0-1

[Event "17th Asian Continental-ch Open 2018"]
[Site "Makati City"]
[Date "2018.12.11"]
[Round "2.28"]
[White "Docena, Jerad"]
[Black "Nouri, Alekhine"]
[Result "1/2-1/2"]
[WhiteElo "2426"]
[BlackElo "2013"]
[Annotator "TA"]
[PlyCount "66"]
[EventDate "2018.12.07"]
[EventType "swiss"]
[EventRounds "9"]
[EventCountry "PHI"]

{[%evp 14,66,21,16,115,113,107,119,128,131,135,116,143,129,143,141,160,145,154,134,146,141,160,166,164,163,181,170,188,189,381,392,389,93,103,103,92,89,102,93,85,73,110,0,121,16,24,23,12,-8,8,8,8,8,8]} 1. e4 {[%cal Be2e4,Be4e5][%mdl 32]} c5 2. c3 Nf6 {[%cal Bg8f6,Bf6d5,Bd5b6][%mdl 32]} 3. e5 Nd5 4. Nf3 Nc6 5. Bc4 Nb6 6. Bb3 d5 7. exd6 Qxd6 8. Na3 {LiveBook: 155 Games. B22: Sicilian: 2 c3} c4 $146 (8... a6 $11) ({Predecessor:} 8... Be6 9. d4 Bxb3 10. Qxb3 cxd4 11. Nb5 Qd7 12. Nbxd4 Nxd4 13. Nxd4 e6 14. Bf4 Bd6 15. Bxd6 Qxd6 {½-½ (32) Abasov,N (2587)-Nepomniachtchi,I (2733) Antalya 2017}) 9. Nxc4 $16 Nxc4 10. Bxc4 {White is better.} Bf5 11. d4 e6 12. Bg5 Rc8 13. O-O Be7 14. Bxe7 Nxe7 15. Bb5+ Kf8 16. Qd2 h5 17. Rfe1 h4 18. h3 Rh6 19. Bd3 Bxd3 20. Qxd3 Nd5 21. Re4 g5 $2 {[#]} (21... Nf4 {keeps fighting.} 22. Qb5 Rc7) 22. Nxg5 $18 Rg6 23. Rg4 $2 (23. Nf3 $18 {has better winning chances.}) 23... f5 $16 24. Re1 Ne7 25. Ne4 ({But not} 25. Rxh4 Rxg5 26. Qf3 Qc6 $11) 25... fxe4 26. Qxe4 ({Much worse is} 26. Rgxe4 Qd5 $11) 26... Rxg4 27. hxg4 Kg7 28. g5 ({White should play} 28. Qxb7 $16 Rb8 29. Qxa7) 28... Rh8 (28... Nd5 $11) 29. Qxe6 (29. Qxb7 $16 Rb8 30. Qf3 (30. Qxa7 Rxb2 31. d5 Kf8 $14)) 29... Qxe6 $11 30. Rxe6 Ng6 31. c4 {The position is equal.} Rf8 32. d5 Rf4 33. b3 Rd4 {Accuracy: White = 52%, Black = 30%.} 1/2-1/2

[Event "17th Asian Continental-ch Open 2018"]
[Site "Makati City"]
[Date "2018.12.11"]
[Round "2.29"]
[White "Schain, Randolph"]
[Black "Nava, Roderick"]
[Result "0-1"]
[WhiteElo "2229"]
[BlackElo "2392"]
[PlyCount "90"]
[EventDate "2018.12.07"]
[EventType "swiss"]
[EventRounds "9"]
[EventCountry "PHI"]
[TimeControl "40/5400+30:1800+30"]

1. d4 c5 2. Nf3 g6 3. g3 Bg7 4. Bg2 cxd4 5. Nxd4 Nc6 6. Nxc6 bxc6 7. O-O Rb8 8. c3 Nf6 9. e4 O-O 10. Qc2 d5 11. Rd1 Bg4 12. f3 Be6 13. Be3 Qc7 14. Nd2 Qb7 15. b3 Rfd8 16. Rac1 a5 17. Bd4 Qc7 18. Re1 c5 19. Be3 Rbc8 20. Kh1 dxe4 21. Nxe4 Nxe4 22. fxe4 c4 23. b4 Rd3 24. Bf4 Qb6 25. bxa5 Qxa5 26. e5 Bd5 27. Bxd5 Qxd5+ 28. Qg2 Qa5 29. Qb2 e6 30. Rc2 Qd5+ 31. Rg2 h6 32. h4 g5 33. hxg5 hxg5 34. Bxg5 Bxe5 35. Qf2 Bxc3 36. Rf1 f5 37. Kh2 Kf7 38. Qf4 Be5 39. Qg4 Rh8+ 40. Bh4 Rd4 41. Rxf5+ exf5 42. Qxf5+ Kg8 43. Qg6+ Bg7 44. Rf2 Rhxh4+ 45. gxh4 Qd6+ 0-1

[Event "17th Asian Continental-ch Open 2018"]
[Site "Makati City"]
[Date "2018.12.11"]
[Round "2.30"]
[White "Amartuvshin, Ganzorig"]
[Black "Orio, Rogelio L."]
[Result "1-0"]
[WhiteElo "2376"]
[BlackElo "1791"]
[PlyCount "109"]
[EventDate "2018.12.07"]
[EventType "swiss"]
[EventRounds "9"]
[EventCountry "PHI"]
[TimeControl "40/5400+30:1800+30"]

1. d4 d6 2. c4 g6 3. Nc3 Bg7 4. e4 Nf6 5. Be2 O-O 6. Nf3 c6 7. O-O Nbd7 8. Be3 Re8 9. Rb1 a6 10. d5 Ng4 11. Bf4 c5 12. Ne1 Nde5 13. h3 Nf6 14. Bh2 Ned7 15. f4 Rb8 16. e5 Nh5 17. Bxh5 gxh5 18. Qxh5 b5 19. Nf3 Nf8 20. Ng5 f6 21. Nf7 Qc7 22. e6 Nxe6 23. Nh6+ Bxh6 24. dxe6 Bxe6 25. Qxh6 Bf5 26. Nd5 Qd7 27. Rbe1 bxc4 28. Ne3 Bd3 29. Rf3 Kh8 30. Rf2 Rg8 31. f5 Qb5 32. Rc1 Rg7 33. Nd5 Qb7 34. Nxf6 exf6 35. Bxd6 Re8 36. Qxf6 Qd5 37. Bf8 Rxf8 38. Qxf8+ Rg8 39. Qf6+ Rg7 40. Re1 Qf7 41. Qxf7 Rxf7 42. f6 h5 43. Re5 Kh7 44. Rxh5+ Kg6 45. Rxc5 Bb1 46. h4 Bxa2 47. h5+ Kh6 48. g4 Rf8 49. Rh2 Rd8 50. g5+ Kh7 51. Rc7+ Kh8 52. g6 c3 53. Rg2 Bg8 54. f7 Rd1+ 55. Kh2 1-0

[Event "17th Asian Continental-ch Open 2018"]
[Site "Makati City"]
[Date "2018.12.11"]
[Round "2.31"]
[White "Bai, Adelard"]
[Black "De Guzman, Ricardo"]
[Result "0-1"]
[WhiteElo "2100"]
[BlackElo "2357"]
[PlyCount "116"]
[EventDate "2018.12.07"]
[EventType "swiss"]
[EventRounds "9"]
[EventCountry "PHI"]
[TimeControl "40/5400+30:1800+30"]

1. d4 Nf6 2. c4 e6 3. Nf3 b6 4. g3 Ba6 5. Qc2 c5 6. Bg2 Bb7 7. e3 Be7 8. O-O Qc8 9. dxc5 Qxc5 10. b3 Qc7 11. Bb2 d6 12. Nc3 a6 13. Rac1 Nbd7 14. Rfd1 O-O 15. e4 Rac8 16. Nd4 Qb8 17. Qe2 Rfe8 18. h4 g6 19. g4 h6 20. Rc2 Bf8 21. Rcd2 d5 22. Nc2 Qf4 23. Bc1 Nxg4 24. Rd3 Qh2+ 25. Kf1 Ndf6 26. Rg3 Qxh4 27. Rh3 Qxf2+ 28. Qxf2 Nxf2 29. Kxf2 dxe4 30. Ke2 g5 31. Na4 b5 32. Nb6 Rc7 33. Bb2 Ng4 34. Ne3 Nxe3 35. Rxe3 f5 36. Be5 Rf7 37. Nd7 Bg7 38. Bxg7 Kxg7 39. Ne5 Rc7 40. Rd7+ Rxd7 41. Nxd7 Rc8 42. Rc3 Rc7 43. Nb6 h5 44. Ke3 f4+ 45. Kd4 f3 46. Bf1 b4 47. Rc2 Kf6 48. Ke3 g4 49. c5 g3 50. Bh3 Rg7 51. Rc1 g2 52. Rg1 Rg3 53. Nd7+ Ke7 54. Ne5 Rxh3 55. c6 Bc8 56. Kf2 Rh1 57. Nc4 Kd8 58. Nd2 e3+ 0-1